000 00438nam a2200193 a 4500
005 20260322212044.0
008 data
010 _a93-038247
020 _a0446517801
020 _a9780446517805
040 _aDonation
090 _aPS3553.H358;
100 1 _aCherryh, C. J.
245 1 0 _aTripoint
_cC. J. Cherryh.
260 _aNew York
_bWarner Books
_cc1994
300 _a377 p. ;
_c 24 cm.
650 4 _aScience fiction.
001 data
999 _c1050
_d1050